000 00519nam a22001577a 4500
020 _qHard Cover.
082 _a621
100 _aAkhter, Arsalan
245 _aOptimal Decision Making for Multi-agent Path Planning Problem /
_cArsalan Akhter
260 _aIslamabad :
_bCEME - NUST,
_c2014.
300 _avi, 37 p. : ill. ;
_c30cm.
650 _aMechatronics Engineering-MS-Thesis
_916096
700 _aDr. Kunwar Faraz Ahmed Khan
_917311
942 _2ddc
_cTHE
999 _c540439
_d540439